Lối thoát cuối cùng Truyện các nước Đông Nam Á

Gardado en:
Detalles Bibliográficos
Autor Principal: Duy Lập (Dịch)
Formato: Libro
Publicado: H. Lao Động 1985
Những chủ đề:
Các nhãn: Engadir etiqueta
Sen Etiquetas, Sexa o primeiro en etiquetar este rexistro!
Thư viện lưu trữ: Trung tâm Học liệu Lê Vũ Hùng, Trường Đại học Đồng Tháp
LEADER 00785pam a22002298a 4500
001 00022030
005 20171026081025.0
008 110527s1985 ||||||Viesd
041 0 # |a Vie 
082 1 4 |a 808.8  |b L452TH 
100 0 # |a Duy Lập  |e Dịch 
245 0 0 |a Lối thoát cuối cùng  |b Truyện các nước Đông Nam Á  |c Duy Lập 
260 # # |a H.  |b Lao Động  |c 1985 
300 # # |a 192 tr.  |c 19 cm. 
650 # 4 |a Thế giới 
650 # 4 |a Văn học hiện đại 
653 # # |a Đông Nam Á 
852 # # |b Kho mượn  |j KM.0011202, KM.0011203 
852 # # |b Kho đọc  |j KD.0007372 
852 # # |j KD.0007372  |j KM.0011202  |j KM.0011203 
910 0 # |a kìm  |d 27/05/2011 
980 # # |a Trung tâm Học liệu Lê Vũ Hùng, Trường Đại học Đồng Tháp